| 000 | 00764cab a2200241 4500 | ||
|---|---|---|---|
| 001 | ABS47086 | ||
| 008 | 090401t1992 xxu||||| |||| 00| 0 eng d | ||
| 035 | _a(Sirsi) u60763 | ||
| 041 | _aeng | ||
| 245 | _aR v Bexley LBC ex parte Barnehurst Golf Club Ltd | ||
| 260 | _c1992 | ||
| 350 | _a0 | ||
| 490 |
_aRent Review & Lease Renewal _v12(4) Summer 1992, 384-392(5) |
||
| 520 | _aQBD 20 March 1992. Upheld the landlord`s resolution refusing the tenant`s application to buy the freehold of the golf club. | ||
| 650 | _aFREEHOLD | ||
| 650 | _aGOLF CLUB | ||
| 650 | _aLANDLORD AND TENANT ACT 1954 S30(1) | ||
| 650 | _aLEASES | ||
| 650 | _aNEW TENANCIES | ||
| 690 | _aLANDLORD AND TENANT-CASE LAW-BUSINESS TENANCIES | ||
| 942 | _n0 | ||
| 948 | _c04/03/1997 | ||
| 999 |
_c37551 _d37551 |
||